يا د و ں کے چر ا غ (Record no. 172873)
[ view plain ]
| 000 -LEADER | |
|---|---|
| fixed length control field | 00620nam a22001937a 4500 |
| 005 - DATE AND TIME OF LATEST TRANSACTION | |
| control field | 20200214115432.0 |
| 010 ## - LCCN (DPL NO) | |
| LC control number | B-208840 |
| 020 ## - INTERNATIONAL STANDARD BOOK NUMBER | |
| Terms of availability | 600.00 |
| International Standard Book Number | - |
| 035 ## - SYSTEM CONTROL NUMBER | |
| System control number | B-208840 |
| 037 ## - SOURCE OF ACQUISITION | |
| Source of stock number/acquisition | BPPD |
| 082 ## - DEWEY DECIMAL CLASSIFICATION NUMBER | |
| Classification number | 921 |
| 100 ## - MAIN ENTRY--PERSONAL NAME | |
| Personal name | ڈ ی ڈ ی ٹھا کر |
| 245 ## - TITLE STATEMENT | |
| Title | يا د و ں کے چر ا غ |
| Statement of responsibility, etc | ڈ ی ڈ ی ٹھا کر |
| 246 ## - VARYING FORM OF TITLE | |
| Title proper/short title | Yadon ke Chiragh (Urdu) |
| Remainder of title | by D.D.Thakur |
| 260 ## - PUBLICATION, DISTRIBUTION, ETC. (IMPRINT) | |
| Place of publication, distribution, etc | Delhi |
| Name of publisher, distributor, etc | Educational Publishing House |
| Date of publication, distribution, etc | N.A. |
| 270 ## - ADDRESS | |
| Address | 3108,Vakil Street,Kucha Pandit,Lal Kuan, |
| City | Delhi |
| Postal code | 110006 |
| Telephone number | 3216162 |
| Fax number | - |
| Electronic mail address | - |
| 300 ## - PHYSICAL DESCRIPTION | |
| Extent | 573 ص |
| Dimensions | 21 Cm.(P.b) |
| 942 ## - ADDED ENTRY ELEMENTS (KOHA) | |
| Source of classification or shelving scheme | Dewey Decimal Classification |
| Item type | Urdu Bks |
| Classification part | 921 |
| Call number suffix | ٹ ھ ا |
| Withdrawn status | Lost status | Not for loan | Collection code | Home library | Current library | Date acquired | Source of acquisition | Cost, normal purchase price | Full call number | Barcode | Copy number | Cost, replacement price | Koha item type |
|---|---|---|---|---|---|---|---|---|---|---|---|---|---|
| Non-fiction | Central Library | Central Library | 14/02/2020 | BPPD/Ven. | 600.00 | 921 ٹ ھ ا | B-208840 | 1 | 600.00 | Urdu Bks |
